Cure-all or curse? (Record no. 72575)
[ view plain ]
| 000 -LEADER | |
|---|---|
| fixed length control field | 00830cam a2200193 4500 |
| 001 - CONTROL NUMBER | |
| control field | ABS66632 |
| 008 - FIXED-LENGTH DATA ELEMENTS--GENERAL INFORMATION | |
| fixed length control field | 030429n2003 000 0 eng u |
| 035 ## - SYSTEM CONTROL NUMBER | |
| System control number | (Sirsi) u122126 |
| 100 ## - MAIN ENTRY--PERSONAL NAME | |
| Personal name | Degan, L. |
| 245 ## - TITLE STATEMENT | |
| Title | Cure-all or curse? |
| 260 ## - PUBLICATION, DISTRIBUTION, ETC. | |
| Date of publication, distribution, etc. | 2003 |
| 490 ## - SERIES STATEMENT | |
| Series statement | Project |
| Volume/sequential designation | 15(10) April 2003, 10-12(3) |
| 520 ## - SUMMARY, ETC. | |
| Summary, etc. | Examines why Programme and Project Management (PPM) is becoming widely adopted. Suggests it may be the result of the financial sector facing up to the challenges of modern highly competitive industries. Lists some of the circumstances where PPM can help clarify project objectives, improve communication and reinforce leadership amongst other advantages. |
| 590 ## - LOCAL NOTE (RLIN) | |
| Local note | ABS |
| 650 ## - SUBJECT ADDED ENTRY--TOPICAL TERM | |
| Topical term or geographic name entry element | PROGRAMME AND PROJECT MANAGEMENT |
| 650 ## - SUBJECT ADDED ENTRY--TOPICAL TERM | |
| Topical term or geographic name entry element | FINANCIAL SERVICES |
| 690 ## - LOCAL SUBJECT ADDED ENTRY--TOPICAL TERM (OCLC, RLIN) | |
| Topical term or geographic name as entry element | Project management |
| 9 (RLIN) | 6261 |
| 942 ## - ADDED ENTRY ELEMENTS (KOHA) | |
| Suppress in OPAC | 0 |
| Withdrawn status | Lost status | Source of classification or shelving scheme | Damaged status | Not for loan | Home library | Current library | Shelving location | Date acquired | Total Checkouts | Full call number | Barcode | Date last seen | Copy number | Price effective from | Koha item type |
|---|---|---|---|---|---|---|---|---|---|---|---|---|---|---|---|
| Dewey Decimal Classification | London | London | Journal article | 29/04/2003 | ABS66632 | 122126-1001 | 06/08/2019 | 1 | 06/08/2019 | Journal article |